Statistics for Republic of Ireland Euro 2012 Squad

Click here to take the quiz!

General Stats

  • This quiz has been taken 646 times
  • The average score is 15 of 23

Answer Stats

ClubPositionAnswer% Correct
LA GalaxySTRobbie Keane
97%
Aston VillaGKShay Given
94%
Spartak MoscowMDAiden McGeady
86%
West BromSTShane Long
84%
StokeSTJonathan Walters
83%
SunderlandDFJohn O'Shea
81%
WolvesSTKevin Doyle
79%
FulhamMDDamien Duff
73%
Aston VillaDFRichard Dunne
73%
StokeMDGlenn Whelan
70%
MillwallGKDavid Forde
68%
SunderlandGKKeiren Westwood
67%
EvertonMDDarron Gibson
64%
HullDFPaul McShane
59%
LeicesterDFSean St Ledger
57%
WolvesDFStephen Ward
51%
SunderlandMDJames McClean
50%
Free Agent - Released by West BromMDKeith Andrews
47%
Free Agent - Released by CelticDFDarren O'Dea
47%
West BromSTSimon Cox
47%
FulhamDFStephen Kelly
46%
WolvesMDStephen Hunt
43%
Free Agent - Released by DerbyMDPaul Green
40%

Score Distribution

Percentile by Number Answered

Percent of People with Each Score

Your Score History

You have not taken this quiz